La situación actual y las perspectivas futuras de la política científica y tecnológica en Guatemala . Informe Nacional sobre Política Científica y Tecnológica /

Describe y analiza el sistema científico y tecnológico de Guatemala. Contiene una síntesis de las características generales del país los objetivos del Plan Nacional de Desarrolllo (1975-1979) indicadores socioeconómicos descripción y análisis del sistema científico y tecnológico./ACM

Gorde:
Xehetasun bibliografikoak
Egile korporatiboa: Guatemala. Consejo Nacional de Planificación Económica. Secretaría General. Sección de Recursos Humanos. Unidad de Investigación, Ciencia y Tecnología, UNESCO
Formatua: Texto
Argitaratua: Guatemala: Consejo Nacional de Planificación Económica
Gaiak:
Etiketak: Etiketa erantsi
Etiketarik gabe, Izan zaitez lehena erregistro honi etiketa jartzen!

MARC

LEADER 00000 a a2200000 04500
001 19761
003
040
090 |a 079500  
110 |a Guatemala. Consejo Nacional de Planificación Económica. Secretaría General. Sección de Recursos Humanos. Unidad de Investigación, Ciencia y Tecnología  
245 |a La situación actual y las perspectivas futuras de la política científica y tecnológica en Guatemala . Informe Nacional sobre Política Científica y Tecnológica /  |c Guatemala. Consejo Nacional de Planificación Económica. Secretaría General. Sección de Recursos Humanos. Unidad de Investigación, Ciencia y Tecnología  
260 |a Guatemala:   |b Consejo Nacional de Planificación Económica  
300 |a 84 p.  
520 |a Describe y analiza el sistema científico y tecnológico de Guatemala. Contiene una síntesis de las características generales del país los objetivos del Plan Nacional de Desarrolllo (1975-1979) indicadores socioeconómicos descripción y análisis del sistema científico y tecnológico./ACM  
650 |a GUATEMALA  
650 |a POLITICA CIENTIFICA  
650 |a TECNOLOGIA  
710 |a UNESCO  
999 |c 4211  |d 4211